| 000 | 00692cab a2200241 4500 | ||
|---|---|---|---|
| 001 | WB3008-49 | ||
| 008 | 090401t1994 xxu||||| |||| 00| 0 eng d | ||
| 035 | _a(Sirsi) u76289 | ||
| 041 | _aeng | ||
| 245 | _aRail link plan opposed | ||
| 260 | _c1994 | ||
| 350 | _a0 | ||
| 490 |
_aFinancial Times _v25 February 1994, 13(1) |
||
| 520 | _aThe Mayday residential action group is threatening legal action over a proposed routes for the Channel tunnel rail link near Ashford. | ||
| 650 | _aASHFORD | ||
| 650 | _aCHANNEL TUNNEL RAIL LINK | ||
| 650 | _aKENT | ||
| 650 | _aMAYDAY | ||
| 650 | _aOPPOSITION | ||
| 690 | _aTRANSPORT AND COMMUNICATIONS | ||
| 942 | _n0 | ||
| 948 | _c04/03/1997 | ||
| 999 |
_c48003 _d48003 |
||